Double Letter Literature Quiz Stats

 Plays Quiz Updated Jun 11, 2018

Challenge
Share
Tweet
Embed
Score 0/19 Timer 06:00
2 Plays Today
% Correct
Deathly Hallows
81.8%
Othello
76.9%
Half-Blood Prince
73.6%
A Midsummer Night's Dream
57.7%
David Copperfield
48.6%
All's Well That Ends Well
39.4%
The Merry Wives of Windsor
32.7%
Little Dorrit
29.4%
Charlie and the Great Glass Elevator
26.6%
Troilus and Cressida
25.3%
% Correct
Danny, the Champion of the World
20.7%
Martin Chuzzlewit
19.2%
The Comedy of Errors
18.7%
George's Marvellous Medicine
17.1%
The Mystery of Edwin Drood
16%
The Giraffe and the Pelly and Me
15.7%
The Battle of Life
6.1%
The Vicar of Nibbleswicke
5.7%
Boy: Tales of Childhood
3.3%

You're not logged in!

Compare scores with friends on all Sporcle quizzes.
Join for Free
OR
Log In

You Might Also Like...

Show Comments

Extras

Top Quizzes Today


Score Distribution

Your Account Isn't Verified!

In order to create a playlist on Sporcle, you need to verify the email address you used during registration. Go to your Sporcle Settings to finish the process.

Report this User

Report this user for behavior that violates our Community Guidelines.

Details: